|
|
|
|
| LEADER |
00000nam0a2200000 4500 |
| 001 |
322364 |
| 005 |
20231102003452.0 |
| 035 |
|
|
|a (RuTPU)RU\TPU\book\347923
|
| 090 |
|
|
|a 322364
|
| 100 |
|
|
|a 20160926d1892 km y0rusy50 ca
|
| 101 |
0 |
|
|a rus
|
| 102 |
|
|
|a RU
|
| 105 |
|
|
|a a j 000zy
|
| 200 |
1 |
|
|a Кессон. Его изготовление, спуск и погружение
|e практическое руководство для лиц, занимающихся кессоными работами при мостовых сооружениях
|f под ред. К. И. Рейнер
|
| 210 |
|
|
|a Москва
|c Типо-литография Т-ва И. Н. Кушнерев и К
|d 1892
|
| 215 |
|
|
|a 238 с.
|c ил.
|
| 606 |
1 |
|
|a Кессоны
|2 stltpush
|3 (RuTPU)RU\TPU\subj\14296
|9 40735
|
| 610 |
1 |
|
|a строительные работы
|
| 610 |
1 |
|
|a кессонные камеры
|
| 610 |
1 |
|
|a устройство
|
| 610 |
1 |
|
|a изготовление
|
| 610 |
1 |
|
|a спуск
|
| 610 |
1 |
|
|a техника безопасности
|
| 610 |
1 |
|
|a практические руководства
|
| 675 |
|
|
|a 624.157(07)
|v 4
|
| 702 |
|
1 |
|a Рейнер
|b К. И.
|4 340
|
| 801 |
|
1 |
|a RU
|b 63413507
|c 20160926
|
| 801 |
|
2 |
|a RU
|b 63413507
|c 20200708
|g RCR
|
| 942 |
|
|
|c BK
|